[Event "TCh-BEL 2007-8"]
[Site "Belgium BEL"]
[Date "2008.02.10"]
[Round "8"]
[White "Goossens,E"]
[Black "Saiboulatov,D"]
[Result "1/2-1/2"]
[WhiteElo "2302"]
[BlackElo "2373"]

1.d4 e6 2.c4 Nf6 3.Nc3 Bb4 4.Nf3 b6 5.Qc2 Bb7 6.a3 Bxc3+ 7.Qxc3 Ne4 8.Qc2 d6
9.e3 Nd7 10.Be2 a5 11.b3 O-O 12.O-O f5 13.Bb2 Ng5 14.Ne1 Qf6 15.f3 Qh6 16.Nd3 c5
17.dxc5 bxc5 18.Nf2 Nf7 19.Qc3 Bc6 20.Rad1 Ra6  1/2-1/2

[Event "10th TCh-Euro sen"]
[Site "Dresden GER"]
[Date "2008.02.11"]
[Round "1"]
[White "Frenzel,L"]
[Black "Happel,Hen"]
[Result "0-1"]
[WhiteElo "1809"]
[BlackElo "2186"]

1.d4 Nf6 2.c4 e6 3.Nc3 Bb4 4.Nf3 b6 5.e3 Bb7 6.Be2 O-O 7.O-O d5 8.cxd5 exd5
9.Qc2 a6 10.a3 Bd6 11.h3 Nbd7 12.b4 Qe7 13.Bb2 Ne4 14.Bd3 f5 15.Ne2 Rac8
16.Bc1 g5 17.Nh2 c5 18.bxc5 bxc5 19.dxc5 Ndxc5 20.Qd1 Bxh2+ 21.Kxh2 Qe5+
22.f4 Qxa1 23.fxg5 Qe5+ 24.Nf4 Nxd3 25.Qxd3 Nc5 26.Qd1 Ne6 27.h4 Nxf4 28.exf4 Qd6
29.Bb2 d4 30.Qb3+ Qd5 31.Qxd5+ Bxd5 32.Bxd4 Rc2 33.Rg1 Be4 34.Be5 Rd8  0-1

[Event "Velammal 45th National A ch-IND"]
[Site "Chennai IND"]
[Date "2008.02.15"]
[Round "13"]
[White "Bakre,T"]
[Black "Prathamesh,S"]
[Result "1/2-1/2"]
[WhiteElo "2459"]
[BlackElo "2371"]

1.d4 Nf6 2.c4 e6 3.Nc3 Bb4 4.Nf3 c5 5.g3 cxd4 6.Nxd4 O-O 7.Bg2 d5 8.cxd5 Nxd5
9.Qb3 Nc6 10.Nxc6 bxc6 11.O-O Be7 12.e4 Nxc3 13.Qxc3 Ba6 14.Re1 c5 15.Be3 Rc8
16.Red1 Qc7 17.Bf4 Qc6 18.Rd2 Rfd8 19.Rad1 Rxd2 20.Qxd2 Qb6 21.Bd6 Bxd6 22.Qxd6 Qxd6
23.Rxd6 Bb5 24.Bf1 c4 25.Rd2 a6 26.Rc2 Rc6 27.f3 Kf8 28.Kf2 Ke7 29.Be2 Kd6
30.Ke3 e5 31.f4 f6 32.Rd2+ Ke7 33.fxe5 fxe5 34.Rd5 Kf6 35.Rd2 c3 36.bxc3 Bxe2
37.Kxe2 Rxc3 38.Rd6+ Kg5 39.Rxa6 Rc2+ 40.Kf3 Rxh2 41.Re6 Rxa2 42.Rxe5+ Kf6
43.Rb5 Ra1 44.Rb6+ Ke5 45.Rb7 Ra3+ 46.Kg4 h5+ 47.Kh4 g5+  1/2-1/2

[Event "XXIV Open"]
[Site "Cappelle La Grande FRA"]
[Date "2008.02.16"]
[Round "1"]
[White "Moiseenko,A1"]
[Black "Butnorius,A"]
[Result "1-0"]
[WhiteElo "2643"]
[BlackElo "2441"]

1.d4 Nf6 2.c4 e6 3.Nc3 Bb4 4.Nf3 b6 5.Bg5 Bb7 6.Nd2 h6 7.Bh4 c5 8.d5 Bxc3
9.bxc3 d6 10.e4 Nbd7 11.Be2 O-O 12.f4 Qc7 13.O-O b5 14.dxe6 fxe6 15.cxb5 Bxe4
16.Nxe4 Nxe4 17.Bf3 d5 18.Bxe4 dxe4 19.Qg4 Rf5 20.Rae1 Raf8 21.Rxe4 Ne5 22.Qg3 Kh7
23.Be7 R8f7 24.Rd1 Qxe7 25.fxe5 Qd7 26.Qe1 Qxb5 27.h3 Rf2 28.Qxf2 Rxf2 29.Kxf2 Qb2+
30.Kg1 Qxa2 31.Re3 Qc2 32.Ra1 Qd2 33.Rf3 Qe2 34.Rxa7 Qxe5 35.Rd7 h5 36.Rd1 Qe2
37.Rdf1 c4 38.Rg3 Qe5 39.Rff3 Qe1+ 40.Kh2 Qe5 41.Re3 Qd6 42.Kg1 Qd1+ 43.Kf2 Qc2+
44.Re2 Qf5+ 45.Rf3 Qc5+ 46.Rfe3 Qf5+ 47.Kg1 Qb1+ 48.Kh2 Qb8+ 49.Re5 g6 50.h4 Qd6
51.Kg1 Qb6+ 52.R2e3 Qd8 53.R5e4 Qd1+ 54.Kh2 Qd6+ 55.Kh3 Qd5 56.Rd4 Qc5 57.Ree4 Qf5+
58.Kh2 e5 59.Rxc4 Kh6 60.Re3 Kg7 61.Rce4 Qf2 62.Rf3 Qc5 63.Rfe3 Qe7 64.Kh3 Qd7+
65.Kg3 Kh6 66.Kh2 Qe7 67.Rg3 Qf6 68.c4 Qc6 69.Rge3 Qc5 70.Rd3 Qc7 71.Rd5 Kg7
72.Rdxe5 Kf6 73.c5 Qb8 74.Re1 Qc7 75.Kg1 Qb8 76.Re6+ Kg7 77.c6 Qb6+ 78.R1e3 Kh6
79.Kh2 Qc5 80.Rg3 Qc4 81.Rgxg6+ Kh7 82.Rh6+ Kg7 83.Reg6+ Kf7 84.Kh3 Qd3+
85.Rg3 Qf5+ 86.Kh2 Qf4 87.Rxh5 Ke6 88.Kh3 Kd6 89.Rg6+ Kc7 90.Rh7+ Kb6 91.c7+  1-0

[Event "Aeroflot Open"]
[Site "Moscow RUS"]
[Date "2008.02.17"]
[Round "4"]
[White "Romanov,E"]
[Black "Asrian,K"]
[Result "1/2-1/2"]
[WhiteElo "2543"]
[BlackElo "2621"]

1.d4 Nf6 2.c4 e6 3.Nc3 Bb4 4.Nf3 b6 5.Bg5 Bb7 6.Nd2 h6 7.Bh4 Bxc3 8.bxc3 d6
9.f3 Nbd7 10.e4 e5 11.Be2 Nf8 12.c5 Ng6 13.Bg3 O-O 14.cxd6 cxd6 15.dxe5 Nh5
16.Bf2 Nhf4 17.Bf1 dxe5 18.Qc2 Rc8 19.g3 Ne6 20.Bc4 Qf6 21.O-O Rfd8 22.Bxe6 Qxe6
23.Rfd1 Qf6 24.a4 Rc6 25.a5 Bc8 26.axb6 axb6 27.Kg2 Qg5 28.Kh1 Qh5 29.Be3 f5
30.exf5 Bxf5 31.Qb3+ Be6 32.c4 Rcd6 33.Kg2 Rf8 34.Bf2 b5 35.Qxb5 Rd3 36.Qc6 Qh3+
37.Kg1 Rfd8  1/2-1/2

[Event "XXIV Open"]
[Site "Cappelle La Grande FRA"]
[Date "2008.02.18"]
[Round "3"]
[White "Moiseenko,A1"]
[Black "Kveinys,A"]
[Result "1/2-1/2"]
[WhiteElo "2643"]
[BlackElo "2521"]

1.d4 Nf6 2.c4 e6 3.Nc3 Bb4 4.Nf3 c5 5.g3 cxd4 6.Nxd4 Ne4 7.Qd3 Bxc3+ 8.bxc3 Nc5
9.Qf3 d6 10.Bg2 Nbd7 11.Qg4 O-O 12.Bh6 Qf6 13.Bg5 Qg6 14.Qh4 Nf6 15.Bxf6 gxf6
16.Rd1 Bd7 17.O-O Ba4 18.Rb1 Rac8 19.Nb3 b6 20.Rfd1 e5 21.Rb2 Rfd8 22.Bd5 Bc6
23.Nxc5 Bxd5 24.cxd5 Rxc5 25.Rb4 h5 26.Qh3 Rxc3 27.Rh4 Rdc8 28.Rxh5 Kg7 29.Rh4 R8c4
30.Rxc4  1/2-1/2

[Event "Aeroflot Open"]
[Site "Moscow RUS"]
[Date "2008.02.18"]
[Round "5"]
[White "Le Quang Liem"]
[Black "Smirnov,P"]
[Result "1-0"]
[WhiteElo "2540"]
[BlackElo "2599"]

1.d4 Nf6 2.c4 e6 3.Nc3 Bb4 4.Nf3 c5 5.g3 cxd4 6.Nxd4 Ne4 7.Qd3 Bxc3+ 8.bxc3 Nc5
9.Qf3 d6 10.Bg2 Nbd7 11.Qg4 Qf6 12.Nb5 O-O 13.Bg5 Qg6 14.Qh4 f6 15.Be3 Qc2
16.O-O Qxe2 17.Rfe1 Qc2 18.Qd4 d5 19.cxd5 e5 20.Qc4 Qd3 21.Qxd3 Nxd3 22.Nc7 Nxe1
23.Rxe1 Rb8 24.Bxa7 Rd8 25.Rb1  1-0

[Event "Aeroflot Open"]
[Site "Moscow RUS"]
[Date "2008.02.18"]
[Round "5"]
[White "Zhou Jianchao"]
[Black "Aleksandrov,A"]
[Result "1/2-1/2"]
[WhiteElo "2551"]
[BlackElo "2618"]

1.d4 Nf6 2.c4 e6 3.Nc3 Bb4 4.Nf3 d5 5.cxd5 exd5 6.Bg5 Nbd7 7.Qa4 Bxc3+ 8.bxc3 O-O
9.Nd2 c5 10.e3 a6 11.Bd3 c4 12.Bb1 b5 13.Qc2 h6 14.Bh4 a5 15.O-O Re8 16.Re1 Nf8
17.f3 Ng6 18.Bf2 Ra6 19.a3 Nh5 20.Ra2 f5 21.Qd1 Rf8 22.Nf1 f4 23.e4 Qg5 24.Kh1 dxe4
25.Bxe4 Nf6 26.Nd2 Nh4 27.Bxh4 Qxh4 28.Ra1 Bd7 29.a4 b4 30.Nxc4 Nxe4 31.Rxe4 Bf5
32.Re5 Rg6 33.cxb4 axb4 34.Re2 Rg5 35.Rb2 Rh5 36.Qg1 Rb8 37.a5 Be6 38.Ne5 b3
39.a6 Ra8 40.Nd3 Bd5 41.Nb4 Bc4 42.Rc1 Bxa6 43.Nxa6 Rxa6 44.Rxb3 Kh7 45.Rd3 Raa5
46.Rcd1 Rad5 47.h3 Qg3 48.Qh2 Qh4 49.R3d2 Kg8 50.Qg1 Qg3 51.Qe1 Qxe1+ 52.Rxe1 Rhf5
53.Kg1 Kf7 54.Kf2 Kg6 55.Ke2 Ra5 56.Kd3 Ra3+ 57.Kc4 Ra4+ 58.Kb3 Rfa5 59.Re6+ Kf7
60.Rb6 Ra1 61.Kc4 Rc1+ 62.Kd3 Re1 63.Kc3 Rc1+ 64.Kd3 Re1 65.Rbb2 Ra3+ 66.Kc4 Ra4+
67.Kc5 Ra5+ 68.Kb6 Rd5 69.Rbc2 Re6+ 70.Rc6 Ke7 71.Rxe6+ Kxe6 72.Kc6 Rd6+
73.Kc5 Rd5+ 74.Kc4 Ra5 75.Rb2 Ra4+ 76.Kd3 Kd5 77.Rb5+ Ke6 78.Re5+ Kd6 79.Rf5 Ra2
80.Rxf4 Rxg2 81.Rg4 Rh2 82.Rxg7 Rxh3 83.Ke4 h5 84.Rh7 h4 85.Rh6+ Ke7 86.d5 Rh1
87.Ke5 Re1+ 88.Kf4 Rd1 89.Rh5 Kf6 90.Kg4 Rd4+ 91.f4 h3 92.Rh6+ Kg7 93.Rxh3  1/2-1/2

[Event "1st Pfalz Open"]
[Site "Neustadt a.d. Weinstrasse GER"]
[Date "2008.02.18"]
[Round "4"]
[White "Kopylov,M"]
[Black "Graf,A"]
[Result "0-1"]
[WhiteElo "2457"]
[BlackElo "2586"]

1.d4 Nf6 2.c4 e6 3.Nc3 Bb4 4.Nf3 O-O 5.Bg5 c5 6.e3 cxd4 7.exd4 d5 8.cxd5 exd5
9.Be2 Bxc3+ 10.bxc3 Qa5 11.Bxf6 Qxc3+ 12.Kf1 gxf6 13.Rc1 Qa3 14.Qd2 Nc6 15.Qf4 Re8
16.Re1 Re6 17.h4 Qd6 18.Qg4+ Kh8 19.Qh5 Qe7 20.Rh3 Nb4 21.Rg3 Bd7 22.Qg4 Qf8
23.Rb1 Nxa2 24.Rxb7 Nc3 25.Rxd7 Nxe2 26.Rh3 Qe8 27.Rc7 Qb8  0-1

[Event "Aeroflot Open"]
[Site "Moscow RUS"]
[Date "2008.02.19"]
[Round "6"]
[White "Smirnov,P"]
[Black "Khairullin,I"]
[Result "1/2-1/2"]
[WhiteElo "2599"]
[BlackElo "2544"]

1.d4 Nf6 2.c4 e6 3.Nc3 Bb4 4.Nf3 b6 5.Bg5 Bb7 6.Nd2 h6 7.Bh4 Be7 8.e4 O-O
9.Bg3 d6 10.Bd3 Nc6 11.d5 Nd4 12.Nb3 Nxb3 13.axb3 exd5 14.exd5 c6 15.Be2 cxd5
16.cxd5 Nd7 17.O-O f5 18.f4 a6 19.Bf2 b5 20.Bf3 Bf6 21.Re1 Rc8 22.Rc1 g6
23.g3 Re8 24.Rxe8+ Qxe8 25.Qd2 Qf8 26.Re1 Re8 27.b4 Rxe1+ 28.Qxe1 Qe7 29.Qxe7 Bxe7
30.Bd4 h5 31.Kf2 Kf7 32.Ke3 Bd8 33.Kd3 Nf6 34.h4 Ke8 35.Bg2  1/2-1/2

[Event "6th Festival Gp B"]
[Site "Nancy FRA"]
[Date "2008.02.19"]
[Round "2"]
[White "Berend,F"]
[Black "Fayard,A"]
[Result "1-0"]
[WhiteElo "2343"]
[BlackElo "2324"]

1.d4 Nf6 2.c4 e6 3.Nc3 Bb4 4.Nf3 Ne4 5.Qc2 f5 6.g3 b6 7.Bg2 Bb7 8.Nd2 d5
9.O-O O-O 10.cxd5 Bxc3 11.bxc3 exd5 12.c4 c6 13.Nf3 Nd7 14.cxd5 cxd5 15.Ba3 Re8
16.Rac1 Rc8 17.Qb3 Qf6 18.e3 Qe6 19.Rfd1 Ba6 20.Qb2 Bc4 21.Bb4 b5 22.Be1 g5
23.Rc2 g4 24.Nh4 Nf8 25.Ra1 Ng6 26.Nxg6 Qxg6 27.a4 Ng5 28.Rxc4 bxc4 29.Bxd5+ Kh8
30.Bc3 Nf3+ 31.Bxf3 gxf3 32.Qb7 Kg8 33.Qxf3 Rb8 34.Rc1 Re4 35.Kg2 Qg4 36.Be1 Rc8
37.Bb4 Kf7 38.h3 Qxf3+ 39.Kxf3 Ke6 40.g4 Kd5 41.Bc5 Rc7 42.gxf5 Rh4 43.Kg3 Rh6
44.f3 Rg7+ 45.Kh2 Rg8 46.e4+ Kc6 47.Rxc4 Kb7 48.Rb4+ Ka6 49.Rb2 Rf6 50.d5 Rf7
51.Bd4 Rc8 52.Rd2 Ka5 53.f6 Rd7 54.Kg3 Kxa4 55.Ra2+ Kb3 56.Rxa7 Rxa7 57.Bxa7 Kc4
58.Kf4  1-0

[Event "25th Festival Open A"]
[Site "Bled SLO"]
[Date "2008.02.23"]
[Round "1"]
[White "Soln,P"]
[Black "Jeraj,Z"]
[Result "1-0"]
[WhiteElo "2384"]
[BlackElo "2135"]

1.d4 Nf6 2.c4 e6 3.Nc3 Bb4 4.Nf3 d5 5.Bg5 Be7 6.e3 O-O 7.Qc2 h6 8.Bh4 c6
9.O-O-O a5 10.Rg1 dxc4 11.Bxc4 b5 12.Be2 a4 13.g4 Nh7 14.Bxe7 Qxe7 15.h4 f5
16.gxf5 Rxf5 17.Rg3 Qf8 18.Bd3 Rxf3 19.Bxh7+ Kh8 20.Rxf3 Qxf3 21.Nxb5 Ba6
22.Nc7 Ra7 23.Nxe6 Be2 24.Re1 Bb5 25.Nf4 Rf7 26.Ng6+ Kxh7 27.Ne5+ Qf5 28.Nxf7 Bd3
29.e4 Qxf7 30.Qxd3 Qxf2 31.e5+ Kg8 32.Rf1 Qxh4 33.e6  1-0

[Event "ch-ROU"]
[Site "Cluj ROU"]
[Date "2008.02.26"]
[Round "3"]
[White "Anton,T"]
[Black "Parligras,M"]
[Result "1-0"]
[WhiteElo "2242"]
[BlackElo "2574"]

1.d4 Nf6 2.c4 e6 3.Nc3 Bb4 4.Nf3 c5 5.g3 Nc6 6.Bg2 Ne4 7.Bd2 Nxd2 8.Qxd2 cxd4
9.Nxd4 Ne5 10.Nc2 Be7 11.Ne3 O-O 12.f4 Nc6 13.O-O d6 14.Kh1 Qb6 15.Rad1 a6
16.h4 Bd7 17.b4 Be8 18.a3 Rc8 19.f5 Ne5 20.f6 gxf6 21.Ncd5 Qd8 22.Nxe7+ Qxe7
23.Qxd6 Qxd6 24.Rxd6 Bc6 25.Bxc6 Rxc6 26.Rxc6 bxc6 27.Rxf6 Rd8 28.Rf4 Rd2
29.Re4 Nd7 30.Ng4 Ra2 31.Rd4 Nf8 32.Ne5 Rxe2 33.Nxc6 f5 34.c5 Kf7 35.Nb8 Ng6
36.Nxa6 Ne5 37.Rf4 Ra2 38.b5 Rxa3 39.Kg2 Ke7 40.Rf2 Rb3 41.c6 Kd8 42.Nc5 Rxb5
43.Nxe6+ Kc8 44.Rxf5 Rb2+ 45.Kh3 Nxc6 46.Rf7 Rb7 47.Rf8+ Kd7 48.Nc5+ Ke7
49.Rh8 Rb5 50.Rxh7+ Kf8 51.Nd7+ Kg8 52.Nf6+ Kf8 53.g4 Rb3+ 54.Kg2 Ne5 55.g5 Ng6
56.Kf2 Rb2+ 57.Ke3 Rb3+ 58.Kd2 Rb2+ 59.Kc3 Rg2 60.Kd4 Rg3 61.Ke4 Rg2 62.Kf5 Ne7+
63.Rxe7 Kxe7 64.Kg6 Kf8 65.h5 Rg3 66.h6 Rg1 67.h7 Rxg5+ 68.Kh6 Kf7 69.h8=Q Rg6+
70.Kh5 Rxf6 71.Kg5 Rc6 72.Qe5 Re6 73.Qc7+ Re7 74.Qc4+ Kg7 75.Qd5 Rf7 76.Qe5+ Kh7
77.Kh5 Rg7 78.Qd6 Kh8 79.Qd8+ Rg8 80.Qf6+  1-0

[Event "ch-ROU"]
[Site "Cluj ROU"]
[Date "2008.02.26"]
[Round "3"]
[White "Bonte,Ar"]
[Black "Grecescu,G"]
[Result "0-1"]
[WhiteElo "1978"]
[BlackElo "2383"]

1.d4 Nf6 2.c4 e6 3.Nc3 Bb4 4.Nf3 d5 5.c5 Ne4 6.Qb3 Nc6 7.e3 e5 8.Bb5 exd4
9.exd4 O-O 10.O-O Bxc3 11.bxc3 Na5 12.Qc2 Bf5 13.Bd3 Re8 14.Bf4 b6 15.Rfe1 bxc5
16.dxc5 Nb7 17.Nd4 Bg6 18.c6 Nbc5 19.f3 Qf6 20.Bxc7 Nxc3 21.Qxc3 Nxd3 22.Rxe8+ Rxe8
23.Bg3 h5 24.Nb5 d4 25.Nxd4 Rc8 26.Nb5 Qxc3 27.Nxc3 Rxc6 28.Nd5 Ra6 29.a3 Kh7
30.Nc7 Ra4 31.Nb5 a6 32.Nc3 Rc4 33.Nd5 h4 34.Ne3 Ra4 35.Bd6 Rd4 36.Bc7 Rd7
37.Bb8 Re7 38.Nd5 Rb7 39.Bc7 f6 40.Rd1 Rb3 41.a4 h3 42.gxh3 Bf7 43.Ne7 Bh5
44.Rf1  0-1

[Event "3rd l'Ouest Toulousain Open"]
[Site "Colomiers FRA"]
[Date "2008.02.27"]
[Round "4"]
[White "Barsov,A"]
[Black "Sasu Ducsoara,An"]
[Result "1/2-1/2"]
[WhiteElo "2521"]
[BlackElo "2223"]

1.d4 Nf6 2.c4 e6 3.Nc3 Bb4 4.Nf3 b6 5.Bg5 h6 6.Bh4 g5 7.Bg3 Ne4 8.Qc2 Bb7
9.e3 Bxc3+ 10.bxc3 d6 11.Nd2 Nxg3 12.hxg3 Nd7 13.Rh2 Qe7 14.Be2 O-O-O 15.Bf3 f5
16.Rb1 Rdf8 17.Qa4 e5 18.Qxa7 e4 19.Be2 c5 20.Nb3 Kc7 21.Na5 Rb8 22.Rb5 bxa5
23.Kd2 Kc8 24.Rh1 Qd8 25.Rhb1  1/2-1/2

[Event "ch-ROU"]
[Site "Cluj ROU"]
[Date "2008.02.29"]
[Round "7"]
[White "Anton,T"]
[Black "Nitelea,B"]
[Result "1-0"]
[WhiteElo "2242"]
[BlackElo "2086"]

1.d4 Nf6 2.c4 e6 3.Nc3 Bb4 4.Nf3 O-O 5.g3 d5 6.Bg2 dxc4 7.O-O Nc6 8.Re1 Bd6
9.e4 e5 10.d5 Na5 11.Bd2 c6 12.Bg5 Rb8 13.Qe2 b5 14.dxc6 Nxc6 15.Nd5 Be7
16.Rad1 Bd7 17.Nxf6+ Bxf6 18.Bxf6 gxf6 19.Bh3 Bxh3 20.Rxd8 Rfxd8 21.Rd1 Rxd1+
22.Qxd1 Rd8 23.Qc1 Bg4 24.Kg2 Nd4 25.Nxe5 Be2 26.Qf4 Kg7 27.Ng4 Bxg4 28.Qxg4+ Kf8
29.Qh4 Ke7 30.e5 Ke8 31.exf6 Ne6 32.Qe4  1-0

[Event "24th Open"]
[Site "Bad Woerishofen GER"]
[Date "2008.03.01"]
[Round "3"]
[White "Georgiev,Vl"]
[Black "Zdebskaja,N"]
[Result "1-0"]
[WhiteElo "2581"]
[BlackElo "2313"]

1.d4 Nf6 2.c4 e6 3.Nc3 Bb4 4.Nf3 d5 5.cxd5 exd5 6.Qa4+ Nc6 7.Bg5 h6 8.Bxf6 Qxf6
9.e3 O-O 10.Be2 Be6 11.a3 Bxc3+ 12.bxc3 a6 13.O-O Qe7 14.Qc2 Na5 15.Ne5 c5
16.f4 Nc6 17.Rab1 cxd4 18.Nxc6 bxc6 19.exd4 Bf5 20.Qxf5 Qxe2 21.Rbe1 Qd2
22.Qh3 Rae8 23.Re5 f6 24.Re6 Rxe6 25.Qxe6+ Kh8 26.Qxc6 Rb8 27.h3 Qe3+ 28.Kh2 Qe4
29.Qxa6 h5 30.Rf2 Rb3 31.Rf3 Kh7 32.a4 h4 33.Qf1 Rb1 34.Qf2 Qe1 35.Qxe1 Rxe1
36.c4 Rd1 37.cxd5 Rxd4 38.Ra3 Rxd5 39.a5 Rd7 40.a6 Ra7 41.f5 Kg8 42.Kg1 Kf7
43.Kf2 g6 44.fxg6+ Kxg6 45.Kf3  1-0

[Event "TCh-BEL 2007-8"]
[Site "Belgium BEL"]
[Date "2008.03.02"]
[Round "10"]
[White "L'Ami,E"]
[Black "Miroshnichenko,E"]
[Result "1/2-1/2"]
[WhiteElo "2581"]
[BlackElo "2647"]

1.d4 Nf6 2.c4 e6 3.Nc3 Bb4 4.Nf3 O-O 5.Bg5 c5 6.Rc1 cxd4 7.Nxd4 a6 8.e3 d6
9.Be2 Nbd7 10.O-O Qc7 11.Bh4 Re8 12.Na4 e5 13.Nf5 g6 14.Ng3 h6 15.Bxf6 Nxf6
16.c5 Qe7 17.cxd6 Bxd6 18.Nb6 Rb8 19.Qb3 h5 20.Rfd1 h4 21.Nxc8  1/2-1/2

[Event "XXIII Open"]
[Site "Reykjavik ISL"]
[Date "2008.03.06"]
[Round "4"]
[White "Kveinys,A"]
[Black "Hammer,J"]
[Result "1-0"]
[WhiteElo "2521"]
[BlackElo "2441"]

1.Nf3 Nf6 2.c4 e6 3.Nc3 Bb4 4.d4 c5 5.g3 cxd4 6.Nxd4 O-O 7.Bg2 d5 8.Qb3 Qa5
9.Bd2 Nc6 10.Nc2 dxc4 11.Qxc4 Qc5 12.Qxc5 Bxc5 13.Na4 Be7 14.Bxc6 bxc6 15.Bb4 Bxb4+
16.Nxb4 Nd5 17.Nd3 a5 18.Kd2 Ba6 19.Nac5 Bxd3 20.Nxd3 Nb4 21.Nxb4 axb4 22.Kc2 c5
23.Kb3 Rfc8 24.Rac1 Kf8 25.Rhd1 Ke7 26.e4 Rc6 27.Rd2 h5 28.f4 Rc7 29.Rdc2 Rac8
30.Rc4 Kd7 31.e5 Rc6 32.R4c2 R8c7 33.Kc4 Ra7 34.Rd1+ Kc7 35.Rcd2 Rxa2 36.Rd7+ Kb6
37.Kb3 Ra5 38.Kc4 Rc7 39.Rd8 Ra2 40.R1d2 Raa7 41.Rb8+ Rab7 42.Rd6+ Ka7 43.Rg8 g6
44.b3 Rb6 45.Ra8+ Kxa8 46.Rxb6 Ka7 47.Rb5 Rd7 48.Kxc5 Rd2 49.Rxb4 Rxh2 50.Kc6 Rc2+
51.Rc4 Rg2 52.Kd6 Rxg3 53.Rc7+ Kb6 54.Rxf7 Rxb3 55.Kxe6 Kc5 56.Kf6 Rb6+ 57.Kg5 h4
58.Kxh4 Kd5 59.Kg5 Rb1 60.Kxg6 Ke6 61.Rf6+ Ke7 62.Kf5 Rf1 63.Ra6 Kf7 64.Ra7+ Kf8
65.e6 Rf2 66.Ke5  1-0

[Event "XXIII Open"]
[Site "Reykjavik ISL"]
[Date "2008.03.08"]
[Round "6"]
[White "Sigurjonsson,St"]
[Black "Gretarsson,Hj"]
[Result "0-1"]
[WhiteElo "2136"]
[BlackElo "2247"]

1.d4 Nf6 2.Nf3 e6 3.c4 Bb4+ 4.Nc3 b6 5.Bg5 Bb7 6.a3 Bxc3+ 7.bxc3 c5 8.e3 d6
9.Bd3 Nbd7 10.O-O h6 11.Bh4 g5 12.Bg3 Qe7 13.Nd2 h5 14.h4 Rg8 15.hxg5 Rxg5
16.e4 O-O-O 17.d5 Rdg8 18.Nf3 Rg4 19.Re1 h4 20.Nxh4 Nh5 21.Nf3 Nxg3 22.fxg3 Rxg3
23.Ra2 Qf6 24.Rf2 Qxc3 25.a4 Ne5 26.Nxe5 Qxe5 27.Bf1 Rh3 28.Rxf7 Qh2+ 29.Kf2 Qg3+
30.Kg1 Rgh8  0-1

[Event "19th PSPB Inter TCh"]
[Site "Ooty IND"]
[Date "2008.03.09"]
[Round "4"]
[White "Gupta,Ab"]
[Black "Sasikiran,K"]
[Result "1/2-1/2"]
[WhiteElo "2495"]
[BlackElo "2677"]

1.d4 Nf6 2.c4 e6 3.Nc3 Bb4 4.Nf3 c5 5.g3 O-O 6.Bg2 cxd4 7.Nxd4 d5 8.cxd5 Nxd5
9.Qb3 Qb6 10.Bxd5 exd5 11.Be3 Bh3 12.g4 Bg2 13.Rg1 Be4 14.a3 Ba5 15.Qxb6 Bxc3+
16.bxc3 axb6 17.f3 Bg6 18.h4 f6 19.h5 Bf7 20.g5 Bxh5 21.Ne6 Rf7 22.gxf6 Bg6
23.Nf4 Rxf6 24.Nxd5 Rf7 25.Nxb6 Ra5 26.Rd1 Nc6 27.Nc4 Ra4 28.Nd6 Rd7 29.Nb5 Rxd1+
30.Kxd1 Ra5 31.Rg5 Bf7 32.Kd2 h5 33.Nd6 h4 34.Nf5 h3 35.Bf4 g6  1/2-1/2

[Event "10th WCh-University"]
[Site "Novokuznetsk RUS"]
[Date "2008.03.10"]
[Round "9"]
[White "Zhou Jianchao"]
[Black "Bocharov,D"]
[Result "1/2-1/2"]
[WhiteElo "2551"]
[BlackElo "2600"]

1.d4 Nf6 2.c4 e6 3.Nc3 Bb4 4.Nf3 b6 5.Bg5 Bb7 6.e3 Bxc3+ 7.bxc3 d6 8.Bd3 Nbd7
9.Bh4 h6 10.O-O Qe7 11.Nd2 g5 12.Bg3 h5 13.f3 O-O-O 14.e4 Rdg8 15.Bf2 g4
16.Bh4 gxf3 17.Qxf3 Rh6 18.Rf2 Qf8 19.h3 Qg7 20.Raf1 Rg6 21.g3 Nh7 22.Kh2 f5
23.Qe3 fxe4 24.Nxe4 Rf8 25.Rxf8+ Nhxf8 26.Nd2 Rh6 27.Qg5 Qxg5 28.Bxg5 Rh8
29.Rf7 d5 30.Bb1 c5 31.Rg7 Bc6 32.h4 b5 33.cxb5 Bxb5 34.dxc5 Nxc5 35.Bf6 Nfd7
36.Rxd7 Rf8 37.Rxa7 Rxf6 38.Kg1 Be2 39.Bc2 Nd7 40.Ra4 e5 41.Ra5 e4 42.Nxe4 dxe4
43.Bxe4 Rf1+ 44.Kg2 Rc1 45.Bf3 Bxf3+ 46.Kxf3 Rxc3+ 47.Kf4 Nf6 48.Kg5 Ne4+
49.Kxh5 Rxg3 50.Ra6 Kd7 51.Rg6 Ra3 52.Rg2 Ra6 53.Kg4 Ke6 54.Re2 Ke5 55.h5 Rf6
56.a4 Rf4+ 57.Kh3 Kf5 58.Ra2 Ng5+ 59.Kg2 Rg4+ 60.Kf1 Rh4 61.a5 Rxh5 62.a6 Rh1+
63.Kg2 Rh8 64.a7 Ra8 65.Ra5+ Kf6 66.Kf2 Ne6 67.Ke3 Ke7 68.Kd3 Kd6 69.Kc4 Nc7
70.Ra1 Kc6 71.Kb4 Kb6 72.Kc4 Na6 73.Rb1+ Kc6 74.Rh1 Rxa7 75.Rh6+ Kb7 76.Rh7+ Nc7
77.Rh6 Ra4+ 78.Kc5 Rg4 79.Rf6 Rg5+ 80.Kd4 Nb5+ 81.Kc4 Kc7 82.Ra6 Nd6+ 83.Kd4 Nb5+
84.Kc4 Nd6+ 85.Kd4 Nb5+ 86.Kc4 Nd6+  1/2-1/2

[Event "19th PSPB Inter TCh"]
[Site "Ooty IND"]
[Date "2008.03.10"]
[Round "5"]
[White "Gupta,Ab"]
[Black "Kunte,A"]
[Result "1/2-1/2"]
[WhiteElo "2495"]
[BlackElo "2550"]

1.d4 Nf6 2.c4 e6 3.Nc3 Bb4 4.Nf3 c5 5.g3 O-O 6.Bg2 Bxc3+ 7.bxc3 d6 8.O-O Qe7
9.Qd3 Nc6 10.Rd1 h6 11.Ba3 Bd7 12.Nd2 Rac8 13.f4 b6 14.Nf1 e5 15.fxe5 dxe5
16.dxc5 bxc5 17.Ne3 Be6 18.Nd5 Bxd5 19.cxd5 e4 20.Qb5 Ne5 21.d6 Qe6 22.Bxc5 a6
23.Qb4 Rfd8 24.Bb6 Rd7 25.Bc7 Re8 26.Qd4 Nc6 27.Qa4 Ne5 28.Qd4 Nc6 29.Qa4 Ne5  1/2-1/2

[Event "FSGM March"]
[Site "Budapest HUN"]
[Date "2008.03.14"]
[Round "13"]
[White "Rajlich,I"]
[Black "Roussel Roozmon,T"]
[Result "0-1"]
[WhiteElo "2437"]
[BlackElo "2442"]

1.d4 Nf6 2.c4 e6 3.Nc3 Bb4 4.Nf3 Ne4 5.Qb3 c5 6.a3 Qa5 7.Be3 Nxc3 8.Rc1 Na2+
9.axb4 Nxc1 10.Bxc1 Qxb4+ 11.Qxb4 cxb4 12.Bf4 d5 13.e3 Nc6 14.c5 Bd7 15.Bd6 f6
16.Kd2 Kf7 17.Bb5 Rhd8 18.Ra1 b6 19.Ba6 Na5 20.Kc2 Bc8 21.Bb5 Bb7 22.Rxa5 Rxd6
23.cxd6 bxa5 24.Kd3 Rd8 25.d7 Ke7 26.Nd2 Kd6 27.Nb3 Bc6 28.Ba6 a4 29.Nc5 Ke7
30.Bc8 Bxd7 31.Bxd7 Rxd7 32.Nxa4 Rc7 33.Nc5 Rxc5 34.dxc5 e5 35.e4 d4 36.Kc4 a5
37.Kb5 d3  0-1

[Event "ch-Siberia"]
[Site "Novokuznetsk RUS"]
[Date "2008.03.14"]
[Round "2"]
[White "Nuzhdov,V"]
[Black "Simonov,S"]
[Result "0-1"]
[WhiteElo "2080"]
[BlackElo "2317"]

1.c4 Nf6 2.Nf3 e6 3.d4 Bb4+ 4.Nc3 O-O 5.Bg5 h6 6.Bxf6 Bxc3+ 7.bxc3 Qxf6 8.e4 d6
9.Bd3 e5 10.Rb1 Nc6 11.d5 Na5 12.O-O Bg4 13.Kh1 b6 14.Qe2 Nb7 15.Qe3 Bxf3
16.gxf3 Nc5 17.Be2 Qf4 18.Bd1 f5 19.Bc2 Qxe3 20.fxe3 f4 21.exf4 Rxf4 22.Kg2 Raf8
23.Rf2 R8f6 24.h3 Kf7 25.a4 a5 26.Rbf1 Rg6+ 27.Kh2 Rgf6 28.Kg3 Nd7 29.Kh2 Nf8
30.Bd1 Nh7 31.Be2 Ng5 32.Rg2 Nxf3+ 33.Bxf3 Rxf3 34.Rxf3 Rxf3 35.Rg3 Rf2+
36.Rg2 Rxg2+ 37.Kxg2 Kg6 38.Kf3 Kg5 39.Kg3 Kh5 40.h4 g5 41.hxg5 hxg5 42.Kf3 Kh4
43.Ke3 g4  0-1

[Event "Bobby Fischer mem"]
[Site "Villa Martelli ARG"]
[Date "2008.03.16"]
[Round "6"]
[White "Coelho,L"]
[Black "Flores,Di"]
[Result "0-1"]
[WhiteElo "2392"]
[BlackElo "2558"]

1.d4 Nf6 2.c4 e6 3.Nc3 Bb4 4.Nf3 b6 5.Bg5 h6 6.Bh4 Bb7 7.e3 g5 8.Bg3 Ne4
9.Qc2 h5 10.h4 g4 11.Nd2 Nxg3 12.fxg3 f5 13.O-O-O Nc6 14.d5 Ne5 15.e4 O-O
16.Ne2 Qf6 17.Nf4 Qh6 18.exf5 Rxf5 19.Bd3 Nxd3+ 20.Qxd3 Bd6 21.Rhe1 Be5 22.Re2 Raf8
23.dxe6 dxe6 24.Rde1 Bxf4 25.gxf4 Qxf4 26.g3 Qd6 27.Qxd6 cxd6 28.Rxe6 d5
29.Rg6+ Kh7 30.Rd6 R8f7 31.cxd5 Bxd5 32.Kb1 Rc7 33.a3 Kg7 34.Re2 Bf7 35.Re3 Rf2
36.Re1 Rg2 37.Re3 Bg6+ 38.Ne4 Rcc2 39.Rb3 Rce2  0-1

[Event "31st San Sebastian Open"]
[Site "Donostia ESP"]
[Date "2008.03.19"]
[Round "4"]
[White "San Segundo Carrillo,P"]
[Black "Andres Gonzalez,I"]
[Result "1-0"]
[WhiteElo "2542"]
[BlackElo "2375"]

1.d4 Nf6 2.Nf3 e6 3.c4 Bb4+ 4.Nc3 O-O 5.Bg5 c5 6.Rc1 h6 7.Bh4 cxd4 8.Nxd4 g5
9.Bg3 Ne4 10.Nb5 f5 11.Bc7 Qf6 12.a3 Bc5 13.e3 a6 14.Nd6 Nxf2 15.Kxf2 f4
16.Ke1 Bxe3 17.Rc2 Nc6 18.h4 Nd4 19.hxg5 Qe5 20.Nce4 f3 21.gxf3 Nxf3+ 22.Ke2 Bxg5
23.Bg2 Nd4+ 24.Kd3 Nxc2 25.Kxc2 Qg7 26.Bf3 b5 27.Nxg5 hxg5 28.Bb6  1-0

[Event "ch-Siberia"]
[Site "Novokuznetsk RUS"]
[Date "2008.03.19"]
[Round "7"]
[White "Andreev,Af"]
[Black "Shirokov,A"]
[Result "1/2-1/2"]
[WhiteElo "2295"]
[BlackElo "2159"]

1.d4 Nf6 2.c4 e6 3.Nc3 Bb4 4.Nf3 b6 5.g3 Bb7 6.Bg2 c5 7.O-O cxd4 8.Qxd4 Nc6
9.Qd3 O-O 10.Rd1 Rc8 11.Bf4 Na5 12.b3 d5 13.a3 Bxc3 14.Qxc3 Qe7 15.Nd4 dxc4
16.Bxb7 Qxb7 17.b4 Nd5 18.Qf3 Nc6 19.Nb5 Rcd8 20.Nd6 Qe7 21.Nxc4 Qf6 22.Bd6 Qxf3
23.exf3 Rfe8 24.b5 Nce7 25.Bxe7 Rxe7 26.Ne3 Red7 27.Nxd5 Rxd5 28.Rxd5 Rxd5
29.Rc1 Kf8 30.Rc7 Rxb5 31.Rxa7 Ra5 32.Rb7 Rxa3 33.Rxb6 Rxf3 34.Kg2 Ra3 35.Rb1 h5
36.Rb5 g6 37.Rb2 Ke7 38.Rb7+ Kf6 39.Rc7 e5 40.Rb7 Ke6 41.Rb6+ Kf5 42.Rb4 g5
43.Rc4 f6  1/2-1/2

[Event "57th ch-BUL w"]
[Site "Plovdiv BUL"]
[Date "2008.03.19"]
[Round "6"]
[White "Bednikova,S"]
[Black "Vladimirova,M"]
[Result "0-1"]
[WhiteElo "2088"]
[BlackElo "1971"]

1.c4 Nf6 2.Nf3 e6 3.Nc3 Bb4 4.d4 d6 5.Bg5 Nbd7 6.Qc2 c5 7.e4 h6 8.Bd2 O-O
9.e5 cxd4 10.exf6 dxc3 11.bxc3 Qxf6 12.cxb4 Qxa1+ 13.Bc1 a5 14.b5 b6 15.Bd3 Bb7
16.O-O Qf6 17.Bb2 e5 18.Nd2 Nc5 19.Bh7+ Kh8 20.f4 Qh4 21.fxe5 Rae8 22.Bf5 dxe5
23.Nf3 Bxf3 24.Rxf3 Qe1+ 25.Rf1 Qe3+ 26.Kh1 e4 27.Bc1 Qd3 28.Qf2 Qxc4 29.Bb2 e3
30.Qf3 e2 31.Re1 Re7 32.Qg3 Ne6 33.Qf3 Qf4 34.Bxg7+ Kg8 35.Bxf8 Kxf8 36.Qh3 Qd2
37.Qg3 Nf4  0-1

[Event "Doeberl Cup"]
[Site "Canberra AUS"]
[Date "2008.03.21"]
[Round "3"]
[White "Dotsenko,Vi"]
[Black "Selnes,H"]
[Result "1/2-1/2"]
[WhiteElo "2132"]
[BlackElo "1957"]

1.d4 Nf6 2.Nf3 e6 3.c4 Bb4+ 4.Nc3 c5 5.e3 Nc6 6.Bd3 Bxc3+ 7.bxc3 d6 8.e4 e5
9.d5 Ne7 10.Nh4 Ng6 11.Nxg6 hxg6 12.Bg5 O-O 13.Qd2 Qe8 14.f3 Nh7 15.Be3 f5
16.O-O f4 17.Bf2 g5 18.h3 Qh5 19.Rfb1 Rf6 20.Kf1 Rf8 21.Be2 Nf6 22.Qd1 Qe8
23.Ke1 Rb8 24.a4 Qd8 25.a5 Qe8 26.Rb2 Rf7 27.Qb1 Rc7  1/2-1/2